Teams, teamwork & team building : The manager's complete guide to team in organizations

Bibliographic Details
Main Author: Stott, Kenneth
Format: Book
Published: New York : Prentice Hall , 1995
Subjects:

MARC

LEADER 00000cam a2200000 7i4500
001 0000003459
005 20050429.0
020 |a 0136060056 
040 |a INS 
090 0 0 |a HD66.   |b S4251 1995 
100 1 |a Stott, Kenneth 
245 1 0 |a Teams, teamwork & team building :   |b The manager's complete guide to team in organizations   |c Kenneth Stott 
260 |a New York :   |b Prentice Hall ,   |c 1995 
300 |a 486p. ;   |c 23 cm. 
650 0 0 |a Management   |x Employee participation 
650 0 0 |a Work groups 
999 |a 0000005555   |b BOOK   |c Open Shelf   |e Default branch 
999 |a 0000009759   |b BOOK   |c Open Shelf   |e Default branch